Psychological study of the relationship between socio-economic status of parents and the strength of disciplinary measures they adopt for their children (Record no. 1359648)

MARC details
000 -LEADER
fixed length control field 00655nam a2200193Ia 4500
005 - DATE AND TIME OF LATEST TRANSACTION
control field 20250508155844.0
008 - FIXED-LENGTH DATA ELEMENTS--GENERAL INFORMATION
fixed length control field 008 250505s9999 xx 000 0 eng d
020 ## - INTERNATIONAL STANDARD BOOK NUMBER
International Standard Book Number 978-1-4411-0831-9
037 ## - SOURCE OF ACQUISITION
Stock number Dissertations
040 ## - CATALOGING SOURCE
Original cataloging agency FEDL
Language of cataloging eng
Transcribing agency FEDL
041 ## - LANGUAGE CODE
Language code of text/sound track or separate title eng
Source of code eng
084 ## - COLON CLASSIFICATION NUMBER
Classification number 301.427, PSY/DI
Assigning agency FEDL
245 #0 - TITLE STATEMENT
Title Psychological study of the relationship between socio-economic status of parents and the strength of disciplinary measures they adopt for their children
260 ## - PUBLICATION, DISTRIBUTION, ETC.
Date of publication, distribution, etc. 1959
300 ## - PHYSICAL DESCRIPTION
Extent 120p.
546 ## - LANGUAGE NOTE
Language note M.Ed. Dissertation (Aligarh University)
942 ## - ADDED ENTRY ELEMENTS (KOHA)
Koha item type Dissertations
Classification part 301.427, PSY/DI
Holdings
Withdrawn status Lost status Damaged status Not for loan Home library Current library Date acquired Total Checkouts Full call number Barcode Date last seen Price effective from Koha item type
        Department of Education Library Department of Education Library 2025-05-08   301.427, PSY/DI EL0045104 2025-05-08 2025-05-08 Dissertations
Copyright @ Delhi University Library System